000 03753nam a2201261 i 4500
003 PE-LiUPU
005 20250813185705.0
008 230510s2022 pe f 000 0 spa
017 _a2023-00065
020 _a9786123119553
_6t.1
020 _a9786123119560
_6t.2
020 _a9786123119577
_6t.3
040 _apelibn
_bspa
_erda
_cPE-LiUPU
_dPE-LiUPU
082 1 4 _a343 CP2
_223
_bN964
245 0 0 _aNuevo Código procesal constitucional comentado /
_ccoordinador: Arturo Crispín Sánchez ; presentación: Carlos Hakansson Nieto ; con la colaboración de: Abraham García Chávarri [y otros cuatro].
250 _aPrimera edición.
264 3 1 _aLima :
_bGaceta Jurídica,
_c2022.
300 _a3 tomos ;
_c26 centímetros.
336 _aTexto
_2rdacontent
337 _asin mediacion
_2rdamedia
338 _avolumen
_2rdacarrier
504 _aIncluye referencias bibliográficas.
505 0 _aTomo 1: Título preliminar. Título I: Disposiciones generales de los procesos de hábeas corpus, amparo, hábeas data y cumplimiento. Título II: Proceso de hábeas corpus -- Tomo 2: Título III: Proceso de amparo. Título IV: Proceso de hábeas data. Título V: Proceso de cumplimiento -- Tomo 3: Título VI: Procesos de acción popular, inconstitucionalidad y competencial. Título VII: Tramitación en sede del tribunal constitucional. Título VIII: Jurisdicción internacional. Disposiciones complementarias finales.
526 _aP202
526 _aP201
526 _aP163
526 _aP162
526 _aP161
526 _aP160
526 _aP148
526 _aP147
526 _aP146
526 _aP145
526 _aP144
526 _aP143
526 _aP142
526 _aP141
526 _aP140
526 _aP139
526 _aP138
526 _aP137
526 _aP136
526 _aP135
526 _aP134
526 _aP133
526 _aP129
526 _aP128
526 _aP127
526 _aP120
526 _aP119
526 _aP118
526 _aP116
526 _aP115
526 _aP114
526 _aP110
526 _aP109
526 _aP108
526 _aP104
526 _aP103
526 _aP102
526 _aP99
526 _aP98
526 _aP97
526 _aP96
526 _aP95
526 _aP93
526 _aP90
526 _aP89
526 _aP88
526 _aP83
526 _aP82
526 _aP62
526 _aP59
526 _aP58
526 _aP57
526 _aP51
526 _aP49
526 _aP48
526 _aP47
526 _aP29
526 _aP24
526 _aP20
526 _aP19
526 _aP17
526 _aP15
526 _aP14
526 _aP12
526 _aP10
526 _aP09
526 _aP08
526 _aP07
526 _aP06
526 _aP05
526 _aP04
526 _aP01
541 _6t.1.
541 _6t.2.
541 _6t.3.
610 1 8 _aPerú.
_t[Código procesal constitucional (2021)]
_xInterpretación y aplicación.
650 1 8 _aDerecho procesal constitucional
_xLegislación
_zPerú
_xInterpretación y aplicación.
650 2 8 _aDerecho constitucional
_xLegislación
_zPerú
_xInterpretación y aplicación.
700 1 _aCrispín Sánchez, Arturo,
_ecoordinador.
700 1 _aHakansson Nieto, Carlos,
_d1965-,
_epresentador.
700 1 _aGarcía Chávarri, Abraham,
_d1980-,
_ecolaborador.
942 _2ddc
_cBK
_n0
980 _618226
_aJaime Vilcazán Jefe de Análisis Documental
_81
_gALBERTO SANCHEZ Responsable de Automatización
999 _c62326
_d62325